| 000 | 00564nam a22002057a 4500 | ||
|---|---|---|---|
| 999 |
_c1680 _d1680 |
||
| 001 | 19445 | ||
| 003 | BD-DhUAP | ||
| 005 | 20200211162528.0 | ||
| 008 | 200211s2001 bg ||||| |||| 00| 0 eng d | ||
| 040 |
_aBD-DhUAP _bEng _cBD-DhUAP _dBD-DhUAP |
||
| 082 |
_223 _a347 BAN |
||
| 245 |
_aUp-to-date civil reference : _b(1996-2000). |
||
| 250 | _a1st ed. | ||
| 260 |
_aDhaka : _bBangladesh Law chronicles, _c2001. |
||
| 300 |
_a[52], 288 pages ; _c25 cm. |
||
| 650 | _aCivil procedure. | ||
| 650 | _aCivil law. | ||
| 710 | _aBangladesh Law Chronicles. | ||
| 942 |
_2ddc _cBK |
||